(Ne)láskavé hry s láskou

Bibliographic Details
Main Authors: Podmaková, Dagmar, 1953- (Author), Strnisko, Vladimír, 1938- (Author)
Format: Article
Language:Slovak
Subjects:

MARC

LEADER 00000nab a2200000 a 4500
001 vtls000564648
003 SK-MaSNL
005 20260304215613.0
008 120929c1995 xo 0 slo
015 |a SNBRB19rr/mm-uuuuu 
035 |a CL0564786 
040 |a SNKBUCL  |b slo  |c SNKBUCL  |e AACR2 
041 0 |a slo 
044 |a xo  |c SK 
080 |a 792.2  |2 1981 
100 1 |a Podmaková, Dagmar,  |d 1953-  |4 aut  |9 102787 
245 1 0 |a (Ne)láskavé hry s láskou  |c Dagmar Podmaková 
500 |a Réžia Vladimír Strnisko 
600 1 7 |a Dorst, Tankred,  |d 1925-2017  |t Fernando Krapp mi napísal list  |2 snkbucl  |9 1529062 
610 2 7 |a Slovenské národné divadlo  |2 snkbucl  |9 32458 
655 7 |a články z novín a časopisov  |2 snkbucl  |9 267496 
700 1 |a Strnisko, Vladimír,  |d 1938-  |4 aut  |9 145481 
773 0 |t Pravda  |g Roč. 5, č. 264 (15. 11. 1995), s. 5 
850 |a Slovenská národná knižnica v Martine  |a MTA001 
852 |a SNK  |b KIS3GCP 
958 |a RK 
992 |a RBX 
999 |c 3147366  |d 3149296